000 00692nam a2200229 a 4500
008
020 _a0471122106 (cased)
049 _aMAIN
090 _aQA273.A5
100 1 _aKinney, John J.
245 1 0 _aProbability :
_ban introduction with statistical applications /
_cJohn J. Kinney.
260 _aNew York :
_bJohn Wiley,
_cc1997.
300 _axiv, 513 p. :
_bill. ;
_c25 cm.
504 _aIncludes bibliographical references : p. 437-438.
500 _aIncludes index.
650 0 _aProbabilities.
907 _a.b10006539
_b20-10-03
_c17-04-03
003
005 20230123133440.0
040 _cNUST
942 _cBOOKS
_kQA273.A5
999 _c148772
_d148772